| 000 | 00415pam a2200157 a 4500 | ||
|---|---|---|---|
| 020 |
_a- _c |
||
| 041 | _h | ||
| 082 |
_a610.72 _bPHA |
||
| 100 | _aPHADKE, M . | ||
| 245 |
_aKNOWLEDGE UPDATE PROGRAMME - MUHS TRS VOL-II / _cNULL. _hTextual Documents |
||
| 260 |
_aNULL : _bMAH.HEALTH UNI , _c2008. |
||
| 300 |
_a36 ; : _cA4.+ _ePB. |
||
| 504 | _aMEDICAL EDUCATION | ||
| 653 | _aKNOWLEDGE(GENERAL) | ||
| 930 | _a3106 | ||
| 999 |
_c797640 _d797640 |
||